000 00659nam a2200205Ia 4500
003 GCL
008 140319s9999 xx 000 0 ara d
040 _aGCL /
_cGCL
082 0 4 _a015.531
_bش م
100 1 _aشكرى العنانى
245 1 0 _aالمملكة العربية السعودية: دراسة بيليوجرافية /
_cشكرى العنانى
260 _a[S.N] :
_bدار العلوم ،
_c1978
300 _a710 ص
490 _a
650 0 4 _aالسعودية
650 0 4 _aبيليوجرافيات
650 0 4 _aالببليوجرافيون السعوديون
650 0 4 _aبيليوجرافيات حيوية
942 _2ddc
_cBK
999 _c35978
_d35978